| 000 | 00611 a2200205 4500 | ||
|---|---|---|---|
| 001 | 17905 | ||
| 999 |
_c17905 _d4610 |
||
| 003 | TR-AnTOB | ||
| 005 | 20210409102515.0 | ||
| 008 | 041102s1998 tu tur | ||
| 041 | _atur | ||
| 050 |
_aG154 _b.A93 1998 |
||
| 090 | _aG154 .A93 1998 | ||
| 100 |
_aAvcı, Adnan _99771 |
||
| 245 | 0 |
_aEn son değişikliklerle açıklamalı - içtihatları seyahat acentaları turizm işletmeleri mevzuatı ve uygulaması / _cAdnan Avcı. |
|
| 264 | 1 |
_aİstanbul : _bAlfa Basım Yayım, _c1998 |
|
| 300 |
_axi, 561 p. ; _c20 cm. |
||
| 650 | 7 |
_aSeyahat acentaları _2etuturkob _99772 |
|
| 902 | _a0007595 | ||
| 942 | _cBK | ||